Digital Education in the Era of COVID-19 Findings on the Needs of University Instructors and Students
Saved in:
| Other Authors: | , , , , |
|---|---|
| Format: | Book |
| Language: | English |
| Published: |
[S.L.]
M&M Profuture Training
2021
|
| Edition: | 1st Edition |
| Subjects: | |
| Tags: |
No Tags, Be the first to tag this record!
|
MARC
| LEADER | 00000nam a2200000 4500 | ||
|---|---|---|---|
| 001 | 0280149 | ||
| 005 | 20240416114144.8 | ||
| 020 | |a 978-84-09-35002-5 | ||
| 041 | 0 | |a eng | |
| 044 | |a ES | ||
| 245 | 1 | 0 | |a Digital Education in the Era of COVID-19 |b Findings on the Needs of University Instructors and Students |c Edited by: Anetta Čaplánová, Estera Szakadátová, Ľubomír Darmo ; Reviewers: Alexandra Jurkovičová, María Ruiz Ortiz |
| 250 | |a 1st Edition | ||
| 264 | 1 | |a [S.L.] |b M&M Profuture Training |c 2021 | |
| 300 | |a 130 s. [6,5 AH] | ||
| 610 | 2 | 0 | |a vzdelávanie elektronické |
| 610 | 2 | 0 | |a koronakríza |
| 610 | 2 | 0 | |a univerzity |
| 610 | 2 | 0 | |a učitelia |
| 610 | 2 | 0 | |a študenti |
| 610 | 2 | 0 | |a prieskum |
| 700 | 1 | |a Čaplánová, Anetta, 1967- | |
| 700 | 1 | |a Szakadátová, Estera, 1998- | |
| 700 | 1 | |a Darmo, Ľubomír, 1984- | |
| 700 | 1 | |a Jurkovičová, Alexandra, 1980- | |
| 700 | 1 | |a Ruiz Ortiz, María | |